Zwei Abhandlungen über die Naqšbandiyya
| Main Author: | |
|---|---|
| Format: | Electronic Book |
| Language: | German Arabic |
| Check availability: | HBZ Gateway |
| WorldCat: | WorldCat |
| Interlibrary Loan: | Interlibrary Loan for the Fachinformationsdienste (Specialized Information Services in Germany) |
| Published: |
Stuttgart
in Kommission bei Franz Steiner Verlag
1994
Istanbul Orient-Institut der Deutschen Morgenländischen Gesellschaft 1994 |
| In: |
Beiruter Texte und Studien (Band 58)
Year: 1994 |
| Edition: | Deutsche Ausgabe |
| Series/Journal: | Beiruter Texte und Studien
Band 58 |
| Standardized Subjects / Keyword chains: | B
Naqšbandīya
B Naqšbandīya / Sufism |
| Further subjects: | B
Naqshabandīyah
|
| Online Access: |
Volltext (kostenfrei) Volltext (kostenfrei) |
| Rights Information: | InC 1.0 |
| Parallel Edition: | Non-electronic
|
MARC
| LEADER | 00000cam a2200000 c 4500 | ||
|---|---|---|---|
| 001 | 885111001 | ||
| 003 | DE-627 | ||
| 005 | 20260224214046.0 | ||
| 007 | cr uuu---uuuuu | ||
| 008 | 170426s1994 gw |||||o 00| ||ger c | ||
| 024 | 7 | |a urn:nbn:de:gbv:3:5-90136 |2 urn | |
| 024 | 7 | |a 10.25673/112271 |2 doi | |
| 035 | |a (DE-627)885111001 | ||
| 035 | |a (DE-576)988511100X | ||
| 035 | |a (DE-599)GBV885111001 | ||
| 035 | |a (OCoLC)1159601094 | ||
| 035 | |a (OCoLC)1184684025 | ||
| 040 | |a DE-627 |b ger |c DE-627 |e rda | ||
| 041 | |a ger |a ara | ||
| 044 | |c XA-DE-BW |c XB-TR | ||
| 050 | 0 | |a BP189.7.N35 | |
| 082 | 0 | |a 297.4/8 | |
| 084 | |a 13 |2 sdnb | ||
| 084 | |a 6,23 |2 ssgn | ||
| 084 | |a 11.83 |2 bkl | ||
| 100 | 1 | |e VerfasserIn |0 (DE-588)119212935 |0 (DE-627)080011330 |0 (DE-576)162186711 |4 aut |a Meier, Fritz |d 1912-1998 | |
| 109 | |a Meier, Fritz 1912-1998 |a Meier, Friedrich Max 1912-1998 |a Māyir, Frīts 1912-1998 | ||
| 245 | 1 | 0 | |a Zwei Abhandlungen über die Naqšbandiyya |c Fritz Meier |
| 250 | |a Deutsche Ausgabe | ||
| 264 | 1 | |a Stuttgart |b in Kommission bei Franz Steiner Verlag |c 1994 | |
| 264 | 1 | |a Istanbul |b Orient-Institut der Deutschen Morgenländischen Gesellschaft |c 1994 | |
| 264 | 2 | |a Halle, Saale |b Universitäts- und Landesbibliothek Sachsen-Anhalt | |
| 300 | |a 366 Seiten | ||
| 336 | |a Text |b txt |2 rdacontent | ||
| 337 | |a Computermedien |b c |2 rdamedia | ||
| 338 | |a Online-Ressource |b cr |2 rdacarrier | ||
| 490 | 1 | |a Beiruter Texte und Studien |v Band 58 | |
| 505 | 8 | 0 | |t Die Herzensbindung an den Meister |
| 505 | 8 | 0 | |t Kraftakt und Faustrecht des Heiligen |
| 533 | |a Online-Ausgabe |b Halle, Saale |c Universitäts- und Landesbibliothek Sachsen-Anhalt |d 2016 |e 1 Online-Ressource |f Vorderer Orient/Nordafrika digital aus der Universitäts- und Landesbibliothek Sachsen-Anhalt |7 |2016|||||||||| | ||
| 535 | 1 | |a Universitäts- und Landesbibliothek Sachsen-Anhalt Halle |3 D Zs 163 (58) | |
| 540 | |q DE-3 |a Urheberrechtsschutz 1.0 |2 rs |u http://rightsstatements.org/vocab/InC/1.0/ | ||
| 583 | 1 | |a Archivierung/Langzeitarchivierung gewährleistet |x XA-DE-ST |2 pdager |5 DE-3 | |
| 653 | 0 | |a Naqshabandīyah | |
| 689 | 0 | 0 | |d b |0 (DE-588)2120538-3 |0 (DE-627)709172575 |0 (DE-576)193973669 |2 gnd |a Naqšbandīya |
| 689 | 0 | |5 DE-101 | |
| 689 | 1 | 0 | |d b |0 (DE-588)2120538-3 |0 (DE-627)709172575 |0 (DE-576)193973669 |2 gnd |a Naqšbandīya |
| 689 | 1 | 1 | |d s |0 (DE-588)4058522-0 |0 (DE-627)106146939 |0 (DE-576)209126744 |2 gnd |a Sufismus |
| 689 | 1 | |5 (DE-627) | |
| 689 | 2 | 0 | |d b |0 (DE-588)2120538-3 |0 (DE-627)709172575 |0 (DE-576)193973669 |2 gnd |a Naqšbandīya |
| 689 | 2 | 1 | |d s |0 (DE-588)4058522-0 |0 (DE-627)106146939 |0 (DE-576)209126744 |2 gnd |a Sufismus |
| 689 | 2 | |5 (DE-627) | |
| 776 | 1 | |z 3515065636 | |
| 776 | 0 | 8 | |i Elektronische Reproduktion von |a Meier, Fritz, 1912 - 1998 |t Zwei Abhandlungen über die Naqšbandiyya |b Dt. Ausg. |d Stuttgart : Steiner, 1994 |h 366 S. |w (DE-627)155359347 |w (DE-576)042485649 |z 3515065636 |n Universitäts- und Landesbibliothek Sachsen-Anhalt Halle -- D Zs 163 (58) |k Non-Electronic |
| 830 | 0 | |a Beiruter Texte und Studien |v Band 58 |9 58 |w (DE-627)886056810 |w (DE-576)488268036 |w (DE-600)2893562-7 |7 am | |
| 856 | 4 | 0 | |u http://dx.doi.org/10.25673/112271 |x Langzeitarchivierung |x Resolving-System |z kostenfrei |3 Volltext |7 0 |
| 856 | 4 | 0 | |u http://nbn-resolving.org/urn:nbn:de:gbv:3:5-90136 |x Langzeitarchivierung |x Resolving-System |z kostenfrei |7 0 |
| 889 | |w (DE-627)1698434316 | ||
| 912 | |a ZDB-234-MED | ||
| 935 | |a MENAdoc |a mteo | ||
| 935 | |i Blocktest | ||
| 935 | |h GBV |i ExPruef | ||
| 936 | b | k | |a 11.83 |j Strömungen |j Glaubensrichtungen |x Islam |0 (DE-627)106408399 |
| 936 | s | n | |a b100 |2 mzub |
| 951 | |a BO | ||
| ELC | |a 1 | ||
| OAS | |a 1 | ||
| ORI | |a TA-MARC-ixtheo_oa001.raw | ||
| REL | |a 1 | ||
| STA | 0 | 0 | |a Sufism,Sufism,Sofism,Islam,Islamic mysticism,Mysticism |
| STB | 0 | 0 | |a Soufisme,Soufisme |
| STC | 0 | 0 | |a Sufismo,Sufismo |
| STD | 0 | 0 | |a Sufismo,Sufismo |
| STE | 0 | 0 | |a 苏菲主义,苏菲派 |
| STF | 0 | 0 | |a 蘇菲主義,蘇菲派 |
| STG | 0 | 0 | |a Sufismo,Sufismo |
| STH | 0 | 0 | |a Суфизм (мотив),Суфизм |
| STI | 0 | 0 | |a Σουφισμός (μοτίβο),Σουφισμός |
| SUB | |a REL | ||
| SYG | 0 | 0 | |a Naqšbandiyya,Nakschbendija,Naqshbandiyya,Naqschbandīya,Nakşibendilik,Nakşbendiyye,Naqshbandīyah,Naqshbandi Sufi Order,Naqshabandīyah , Naqšbandiyya,Nakschbendija,Naqshbandiyya,Naqschbandīya,Nakşibendilik,Nakşbendiyye,Naqshbandīyah,Naqshbandi Sufi Order,Naqshabandīyah , Ṣūfismus,Islamische Mystik,Sufik,Taṣauwuf,Taṣawwuf,Sufitum,Tasavvuf,تصوف , Naqšbandiyya,Nakschbendija,Naqshbandiyya,Naqschbandīya,Nakşibendilik,Nakşbendiyye,Naqshbandīyah,Naqshbandi Sufi Order,Naqshabandīyah , Ṣūfismus,Islamische Mystik,Sufik,Taṣauwuf,Taṣawwuf,Sufitum,Tasavvuf,تصوف |



